Microsoft ADO.NET step by step (E-BOOK) (Record no. 191764)

000 -LEADER
fixed length control field 00884 a2200229 4500
003 - CONTROL NUMBER IDENTIFIER
control field Nust
005 - DATE AND TIME OF LATEST TRANSACTION
control field 20170207154023.0
010 ## - LIBRARY OF CONGRESS CONTROL NUMBER
LC control number 2001054641
020 ## - INTERNATIONAL STANDARD BOOK NUMBER
International Standard Book Number 0735612366 (pbk.)
040 ## - CATALOGING SOURCE
Transcribing agency Nust
082 00 - DEWEY DECIMAL CLASSIFICATION NUMBER
Classification number 005.758
100 1# - MAIN ENTRY--PERSONAL NAME
Personal name Riordan, Rebecca.
245 10 - TITLE STATEMENT
Title Microsoft ADO.NET step by step (E-BOOK)
Statement of responsibility, etc. [Rebecca M. Riordan].
260 ## - PUBLICATION, DISTRIBUTION, ETC.
Place of publication, distribution, etc. Redmond, Wash. :
Name of publisher, distributor, etc. Microsoft Press,
Date of publication, distribution, etc. c2002.
300 ## - PHYSICAL DESCRIPTION
Extent xii, 512 p. :
Other physical details ill. ;
Dimensions 24 cm. +
Accompanying material 1 CD-ROM (4 3/4 in.)
500 ## - GENERAL NOTE
General note Includes index.
505 ## - FORMATTED CONTENTS NOTE
Formatted contents note Part I - Getting Started with ADO.NET Part II - Data Providers Part III - Manipulating Data Part IV - Using the ADO.NET Objects Part V - ADO.NET and XML
538 ## - SYSTEM DETAILS NOTE
System details note System requirements for accompnaying computer disc: Microsoft Windows 2000 or Microsoft Windows XP.
650 #0 - SUBJECT ADDED ENTRY--TOPICAL TERM
Topical term or geographic name entry element Database design.
650 #0 - SUBJECT ADDED ENTRY--TOPICAL TERM
Topical term or geographic name entry element Object oriented programming (Computer science)
651 ## - SUBJECT ADDED ENTRY--GEOGRAPHIC NAME
Geographic name E-BOOK
942 ## - ADDED ENTRY ELEMENTS (KOHA)
Source of classification or shelving scheme
Koha item type Book
Holdings
Withdrawn status Lost status Source of classification or shelving scheme Damaged status Not for loan Collection code Permanent Location Current Location Date acquired Total Checkouts Full call number Barcode Date last seen Price effective from Koha item type
            Military College of Signals (MCS) Military College of Signals (MCS) 12/12/2016   005.758 REB MCSEB-946 12/08/2016 12/12/2016 Book
© 2023 Central Library, National University of Sciences and Technology. All Rights Reserved.